MARC

LEADER 00000nam0a2200000 4500
001 362731
005 20231102011523.0
035 |a (RuTPU)RU\TPU\retro\20077 
035 |a RU\TPU\retro\20076 
090 |a 362731 
100 |a 20210823d1934 k y0rusy50 ca 
101 0 |a rus 
102 |a RU 
105 |a a z 001zy 
200 1 |a Брахиоподы мшанковых известняков Колвинского района (Северный Урал). Вып. 1 : Strophomenacea  |f Д. Л. Степанов  |g Нефтяной геологоразведочный институт 
210 |a Москва  |a Ленинград  |c Государственное научно-техническое горно-геолого-нефтяное издательство  |d 1934 
215 |a 63 с.  |c ил.  |e таблицы 
225 1 |a Труды нефтяного геолого-разведочного института 
225 1 |a Серия А  |v Вып. 37 
320 |9 572  |a Библиогр. в примеч. 
606 1 |a Геологические исследования  |2 stltpush  |3 (RuTPU)RU\TPU\subj\6042  |9 34006 
610 1 |a Северный Урал 
610 1 |a брахиоподы 
610 1 |a мшанки 
610 1 |a таблицы 
610 1 |a виды 
610 1 |a фауна 
610 1 |a объяснения 
675 |a 55  |v 4 
700 1 |a Степанов  |b Д. Л. 
712 0 2 |a Нефтяной геологоразведочный институт  |c (Ленинград)  |c (1929-1945)  |2 stltpush  |3 (RuTPU)RU\TPU\col\23516  |9 28332 
801 1 |a RU  |b 63413507  |c 20210820 
801 2 |a RU  |b 63413507  |c 20210823  |g RCR 
942 |c BK